| 000 | 00806nam a2200181 a 4500 | ||
|---|---|---|---|
| 008 | 160901s2015 ||||||||||||||||| || u | ||
| 050 | _aCBU-PG THESIS/CHI | ||
| 100 | _aChibwe, Queen Kashimbo | ||
| 245 | 1 | 4 |
_aThe extent to which land rights violations undermine human security and cause conflict in Zambia _cby Queen Kashimbo Chibwe |
| 260 |
_aKitwe: _bCopperbelt University _c2015 |
||
| 300 | _axii, 82p.: ill. | ||
| 500 | _aIncludes References | ||
| 650 | _aLAND TENURE--LAW AND LEGISLATION | ||
| 650 | _aLAND ADMINISTRATION--ZAMBIA | ||
| 650 | _aLAND TENURE--HUMAN RIGHTS--ZAMBIA | ||
| 650 | _aPEACE AND CONFLICT--ZAMBIA | ||
| 995 |
_aSPECIAL COLLECTIONS _e746642 _FCBU-DAG HAMMARSKJOLD INSTITUTE LIBRARY _jCBU-PG THESIS/CHI _M1 _UAVAILABLE _WSep 1, 2016 _XCopperbelt University _yB2297 _ZUniversity Collection |
||
| 999 |
_c236 _d236 |
||